000 00254nam a2200121 4500
040 _cDLC
082 _a423.13
_bOXF
100 _aOxford
_988894
245 _aOxford Dictionary of Idioms
260 _a?
_b?
_c?
300 _a?
_b?
_c18cm
942 _2ddc
_cBK
999 _c587814
_d587814